| 000 | 00474nam a2200181 a 4500 | ||
|---|---|---|---|
| 005 | 20140412111425.0 | ||
| 008 | 081008s19uu xx 00 eng d | ||
| 020 | _a971-508-188-6 | ||
| 050 |
_aFil E _bMa33 2006 |
||
| 050 |
_aFIL E _bMa33 2006 |
||
| 100 | _aLacson, Tomas | ||
| 245 |
_aSi Mariang Alimango / _cTomas Lacson. |
||
| 260 |
_aPhilippines : _bAdarna house, _c2006. |
||
| 300 | _aunp. | ||
| 440 | _aa book in 2 languages | ||
| 999 |
_c106187 _d106187 |
||